<?xml version="1.0" encoding="UTF-8"?>
<record
    xmlns:xsi="http://www.w3.org/2001/XMLSchema-instance"
    xsi:schemaLocation="http://www.loc.gov/MARC21/slim http://www.loc.gov/standards/marcxml/schema/MARC21slim.xsd"
    xmlns="http://www.loc.gov/MARC21/slim">

  <leader>08205nam a2200421 i 4500</leader>
  <controlfield tag="001">000047682</controlfield>
  <controlfield tag="003">DO-SdBNP</controlfield>
  <controlfield tag="005">20251022120750.0</controlfield>
  <controlfield tag="007">ta</controlfield>
  <controlfield tag="008">180719s2014    dr            000 0 spa d</controlfield>
  <datafield tag="020" ind1=" " ind2=" ">
    <subfield code="a">9789945447842</subfield>
  </datafield>
  <datafield tag="040" ind1=" " ind2=" ">
    <subfield code="a">DO-SdBNP</subfield>
    <subfield code="b">spa</subfield>
    <subfield code="c">BNPHU</subfield>
    <subfield code="e">rda</subfield>
  </datafield>
  <datafield tag="041" ind1=" " ind2=" ">
    <subfield code="a">spa</subfield>
  </datafield>
  <datafield tag="082" ind1=" " ind2="4">
    <subfield code="a">980.033</subfield>
    <subfield code="b">C749r 2011</subfield>
    <subfield code="2">22</subfield>
  </datafield>
  <datafield tag="111" ind1="2" ind2=" ">
    <subfield code="a">Congreso Internacional de la Asociaci&#xF3;n de Historiadores Latinoamericanos y del Caribe (ADHILAC)</subfield>
    <subfield code="n">(10 :</subfield>
    <subfield code="d">2011:</subfield>
    <subfield code="c">Santo Domingo)</subfield>
    <subfield code="9">75282</subfield>
  </datafield>
  <datafield tag="245" ind1="1" ind2="4">
    <subfield code="a">Las revoluciones del siglo XX en la historia de Am&#xE9;rica Latina y el Caribe :</subfield>
    <subfield code="b">Memorias del X Congreso Internacional de la Asociaci&#xF3;n de Historiadores Latinaoamericanos y del Caribe (ADHISAC) /</subfield>
    <subfield code="c">compiladores, &#xC1;ngela Altagracia Fern&#xE1;ndez Rosado, Jorge Enrique El&#xED;as-Caro.</subfield>
  </datafield>
  <datafield tag="246" ind1="0" ind2="3">
    <subfield code="a">Memorias del X Congreso Internacional de la Asociaci&#xF3;n de Historiadores Latinaoamericanos y del Caribe (ADHISAC)</subfield>
  </datafield>
  <datafield tag="264" ind1=" " ind2="4">
    <subfield code="a">Santo Domingo :</subfield>
    <subfield code="b">Universidad Aut&#xF3;noma de Santo Domingo (UASD),</subfield>
    <subfield code="c">&#xA9;2014.</subfield>
  </datafield>
  <datafield tag="300" ind1=" " ind2=" ">
    <subfield code="a">504 p&#xE1;ginas ;</subfield>
    <subfield code="c">28 cm.</subfield>
  </datafield>
  <datafield tag="336" ind1=" " ind2=" ">
    <subfield code="a">texto</subfield>
    <subfield code="b">txt</subfield>
    <subfield code="2">rdacontent</subfield>
  </datafield>
  <datafield tag="337" ind1=" " ind2=" ">
    <subfield code="a">sin mediaci&#xF3;n</subfield>
    <subfield code="b">n</subfield>
    <subfield code="2">rdamedia </subfield>
  </datafield>
  <datafield tag="338" ind1=" " ind2=" ">
    <subfield code="a">volumen </subfield>
    <subfield code="b">nc</subfield>
    <subfield code="2">rdacarrier </subfield>
  </datafield>
  <datafield tag="505" ind1="0" ind2=" ">
    <subfield code="a">Hechos, actores e idiolog&#xED;as de las revoluciones centroamericanas. Ixiles, guerrilla y ej&#xE9;rcito en Guatemala : David Stoll y la cuesti&#xF3;n de la memoria revolucionaria / Sergio Palencia Frener ; Los pactos pol&#xED;ticos en los discursos del Partido Unificaci&#xF3;n Nacional, durante la campa&#xF1;a electoral de 1966 en Costa Rica : una reconstrucci&#xF3;n de la memoria de la guerra civil de 1948 / Manuel Gamboa Brenes ; La Legi&#xF3;n del Caribe vista a trav&#xE9;s de los testimonios centroamericanos / Dra. Elizet Payne Iglesias ; La revoluci&#xF3;n desde la contrarrevoluci&#xF3;n : la visi&#xF3;n de ex combatientes discapacitados a&#xF1;os despu&#xE9;s / Dra. Ver&#xF3;nica Rueda Estrada ; La fruta amarga de la primavera guatemalteca : guerra fr&#xED;a e intereses extranjeros : 1944-1954 / Patricia Brito Camacho ; El viaje de las ideas : "la revoluci&#xF3;n de octubre", en Guatemala (1944-1954) y el proceso de las reformas sociales en Honduras entre 1949-1954 / Yesenia Mart&#xED;nez Garc&#xED;a -- M&#xE9;xico y las distintas expresiones de su revoluci&#xF3;n. L&#xE1;zaro C&#xE1;rdenas y la Revoluci&#xF3;n mexicana / Dr. Alejo Maldonado Gallardo ; Un medio de expresi&#xF3;n de los exiliados de la Revoluci&#xF3;n mexicana : la Am&#xE9;rica espa&#xF1;ola / Claudia Gonz&#xE1;lez G&#xF3;mez ; Discriminaci&#xF3;n contra chinos durante la Revoluci&#xF3;n mexicana / Catalina Vel&#xE1;squez Morales ; Expresiones pol&#xED;ticas e ideol&#xF3;gicas en la Revoluci&#xF3;n mexicana : el caudillismo, herencia de la guerra civil agraria de 1910 en M&#xE9;xico / Alcira Soler Dur&#xE1;n ; La econom&#xED;a mexicana en la posrevoluci&#xF3;n : 1910-1960 / Feliciano Garc&#xED;a Aguirre ; El culto al progreso, el orden y la heroicidad durante el gobierno de Porfirio D&#xED;az / Leonardo Bastida Aguilar ; Manuel Gamio y la Revoluci&#xF3;n mexicana / Ignacio Medina Alegr&#xED;a ; Influencias de la revoluci&#xF3;n mexicana en los movimientos obreros y sindicales en Colombia / Jorge Enrique El&#xED;as Caro ; Historia, revoluci&#xF3;n y educaci&#xF3;n en M&#xE9;xico en el siglo XX / Jenaro Reynoso Jaime -- Las mujeres en l</subfield>
  </datafield>
  <datafield tag="505" ind1="0" ind2=" ">
    <subfield code="a">Hechos, actores e ideolog&#xED;as de las revoluciones centroamericanas. Ixiles, guerrilla y ej&#xE9;rcito en Guatemala : David Stoll y la cuesti&#xF3;n de la memoria revolucionaria / Sergio Palencia Frener ; Los pactos pol&#xED;ticos en los discursos del Partido Unificaci&#xF3;n Nacional, durante la campa&#xF1;a electoral de 1966 en Costa Rica : una reconstrucci&#xF3;n de la memoria de la guerra civil de 1948 / Manuel Gamboa Brenes ; La Legi&#xF3;n del Caribe vista a trav&#xE9;s de los testimonios centroamericanos / Dra. Elizet Payne Iglesias ; La revoluci&#xF3;n desde la contrarrevoluci&#xF3;n : la visi&#xF3;n de ex combatientes discapacitados a&#xF1;os despu&#xE9;s / Dra. Ver&#xF3;nica Rueda Estrada ; La fruta amarga de la primavera guatemalteca : guerra fr&#xED;a e intereses extranjeros : 1944-1954 / Patricia Brito Camacho ; El viaje de las ideas : "la revoluci&#xF3;n de octubre", en Guatemala (1944-1954) y el proceso de las reformas sociales en Honduras entre 1949-1954 / Yesenia Mart&#xED;nez Garc&#xED;a -- M&#xE9;xico y las distintas expresiones de su revoluci&#xF3;n. L&#xE1;zaro C&#xE1;rdenas y la Revoluci&#xF3;n mexicana / Dr. Alejo Maldonado Gallardo ; Un medio de expresi&#xF3;n de los exiliados de la Revoluci&#xF3;n mexicana : la Am&#xE9;rica espa&#xF1;ola / Claudia Gonz&#xE1;lez G&#xF3;mez ; Discriminaci&#xF3;n contra chinos durante la Revoluci&#xF3;n mexicana / Catalina Vel&#xE1;squez Morales ; Expresiones pol&#xED;ticas e ideol&#xF3;gicas en la Revoluci&#xF3;n mexicana : el caudillismo, herencia de la guerra civil agraria de 1910 en M&#xE9;xico / Alcira Soler Dur&#xE1;n ; La econom&#xED;a mexicana en la posrevoluci&#xF3;n : 1910-1960 / Feliciano Garc&#xED;a Aguirre ; El culto al progreso, el orden y la heroicidad durante el gobierno de Porfirio D&#xED;az / Leonardo Bastida Aguilar ; Manuel Gamio y la Revoluci&#xF3;n mexicana / Ignacio Medina Alegr&#xED;a ; Influencias de la revoluci&#xF3;n mexicana en los movimientos obreros y sindicales en Colombia / Jorge Enrique El&#xED;as Caro ; Historia, revoluci&#xF3;n y educaci&#xF3;n en M&#xE9;xico en el siglo XX / Jenaro Reynoso Jaime -- Las mujeres en las revoluciones latinoamericanas. El sufragio femenino y la revoluci&#xF3;n liberal en el Ecuador / Mgtra. Jenny Londo&#xF1;o L&#xF3;pez ; La Revoluci&#xF3;n guatemalteca y la participaci&#xF3;n de las mujeres / Guadalupe Rodr&#xED;guez de Ita ; Participaci&#xF3;n de mujeres durante el proceso revolucionario desde 1959 hasta la Guerra de Abril de 1965 / Reina C. Rosario Fern&#xE1;ndez -- 1965 : arte y revoluci&#xF3;n en la Rep&#xFA;blica Dominicana / Zoila Anitza Guti&#xE9;rrez -- Imaginario y juventud durante la Revoluci&#xF3;n de Abril de 1965, Rep&#xFA;blica Dominicana / Jacqueline &#xC1;lvarez -- "La historia me absolver&#xE1;" de Fidel y la Revoluci&#xF3;n latinoamericana / Franklin J. Franco -- Alcance nacional de la Revoluci&#xF3;n de Abril de 1965 : caso San Francisco de Macor&#xED;s, Santiago y otros pueblos / &#xC1;ngela Altagracia Fern&#xE1;ndez R. -- Bosch, su idea democratizadora, la Revoluci&#xF3;n de Abril y el proceso de legitimaci&#xF3;n de Balaguer / Mar&#xED;a Beatriz Torres Contreras, Jos&#xE9; Juan M&#xE9;ndez Ram&#xED;rez -- Pol&#xED;tica, cultura y sociedad en el pensamiento antitrujillista  de Jos&#xE9; Cordero Michel 1931-1959) / Jos&#xE9; G. Guerrero -- El momento desafiante de la Radio Constitucionalista / Fernando Casado -- Ecos de la Revoluci&#xF3;n cubana : en la selva de Or&#xE1;n, Salta, Argentina / Juan Carlos B. Wizny, Mar&#xED;a Elina Tejerina -- Recepci&#xF3;n e impacto de la Revoluci&#xF3;n cubana en la Izquierda Uruguaya (1959-1967) / Jaime Yaff&#xE9; -- Revoluci&#xF3;n del 30 e historiograf&#xED;a en Cuba / Dr. Arturo Sorhegui -- Cayo Confites, 1947 confluencia pre-vanguardista pol&#xED;tica en el Caribe / Mario Menc&#xED;a -- Debates pol&#xED;ticos y socio culturales en la Argentina de los sesenta : el impacto de la Revoluci&#xF3;n cubana / Carolina Crisorio -- La Revoluci&#xF3;n cubana y la cinematograf&#xED;a argentina de los a&#xF1;os sesenta / Natalia Fern&#xE1;ndez Crisorio -- El movimiento nacional revolucionario y Rafael Garc&#xED;a B&#xE1;rcena : el primer liderazgo insurreccional de la Revoluci&#xF3;n cubana contra Fulgencio Batista / Luis Alberto P&#xE9;rez Llody -- La Revoluci&#xF3;n cubana vista desde Espa&#xF1;a / Gon&#xE7;al A. L&#xF3;pez Nadal -- Un proyecto frustrado en el centenario de las independencias / Pilar Cagiao Vila, Rosario M&#xE1;rquez Mac&#xED;as.</subfield>
  </datafield>
  <datafield tag="590" ind1=" " ind2=" ">
    <subfield code="a">Inventariado, 2018/VM</subfield>
  </datafield>
  <datafield tag="650" ind1=" " ind2="4">
    <subfield code="a">Revoluciones</subfield>
    <subfield code="z">Am&#xE9;rica Latina</subfield>
    <subfield code="x">Historia</subfield>
    <subfield code="y">Siglo XX</subfield>
    <subfield code="v">Congresos, conferencias, etc. </subfield>
    <subfield code="9">75283</subfield>
  </datafield>
  <datafield tag="650" ind1=" " ind2="4">
    <subfield code="a">Revoluciones</subfield>
    <subfield code="z">Caribe (Regi&#xF3;n)</subfield>
    <subfield code="x">Historia</subfield>
    <subfield code="y">Siglo XX</subfield>
    <subfield code="v">Congresos, conferencias, etc. </subfield>
    <subfield code="9">87484</subfield>
  </datafield>
  <datafield tag="650" ind1=" " ind2="4">
    <subfield code="a">Resistencia civil </subfield>
    <subfield code="z">Caribe (Regi&#xF3;n)</subfield>
    <subfield code="y">Siglo XX</subfield>
    <subfield code="v">Congresos, conferencias, etc.</subfield>
    <subfield code="9">87485</subfield>
  </datafield>
  <datafield tag="651" ind1=" " ind2="4">
    <subfield code="a">Am&#xE9;rica Latina</subfield>
    <subfield code="x">Historia</subfield>
    <subfield code="v">Congresos, conferencias, etc. </subfield>
    <subfield code="9">75285</subfield>
  </datafield>
  <datafield tag="651" ind1=" " ind2="4">
    <subfield code="a">Am&#xE9;rica Latina</subfield>
    <subfield code="x">Pol&#xED;tica y gobierno</subfield>
    <subfield code="y">Siglo XX</subfield>
    <subfield code="v">Congresos, conferencias, etc.</subfield>
    <subfield code="9">87486</subfield>
  </datafield>
  <datafield tag="651" ind1=" " ind2="0">
    <subfield code="a">Caribe (Regi&#xF3;n)</subfield>
    <subfield code="x">Pol&#xED;tica y gobierno</subfield>
    <subfield code="y">Siglo XX</subfield>
    <subfield code="v">Congresos, Conferencias, etc.</subfield>
    <subfield code="9">87401</subfield>
  </datafield>
  <datafield tag="651" ind1=" " ind2="4">
    <subfield code="a">Caribe (Regi&#xF3;n)</subfield>
    <subfield code="9">87401</subfield>
  </datafield>
  <datafield tag="700" ind1="1" ind2=" ">
    <subfield code="a">Fern&#xE1;ndez Rosado, &#xC1;ngela Altagracia,</subfield>
    <subfield code="e">compilador </subfield>
    <subfield code="4">comp.</subfield>
    <subfield code="9">75286</subfield>
  </datafield>
  <datafield tag="700" ind1="1" ind2=" ">
    <subfield code="a">El&#xED;as Caro, Jorge Enrique,</subfield>
    <subfield code="e">compilador</subfield>
    <subfield code="9">75287</subfield>
    <subfield code="4">comp.</subfield>
  </datafield>
  <datafield tag="710" ind1="2" ind2=" ">
    <subfield code="a">Asociaci&#xF3;n de Historiadores Latinoamericanos y del Caribe</subfield>
    <subfield code="9">75288</subfield>
  </datafield>
  <datafield tag="910" ind1=" " ind2=" ">
    <subfield code="a">Validado. Control de calidad MFF</subfield>
  </datafield>
  <datafield tag="942" ind1=" " ind2=" ">
    <subfield code="2">ddc</subfield>
    <subfield code="c">LBS1</subfield>
  </datafield>
  <datafield tag="952" ind1=" " ind2=" ">
    <subfield code="0">0</subfield>
    <subfield code="1">0</subfield>
    <subfield code="2">ddc</subfield>
    <subfield code="5">2</subfield>
    <subfield code="7">0</subfield>
    <subfield code="8">DS</subfield>
    <subfield code="a">BNPHU</subfield>
    <subfield code="b">BNPHU</subfield>
    <subfield code="c">HD</subfield>
    <subfield code="d">2018-07-19</subfield>
    <subfield code="l">0</subfield>
    <subfield code="o">BNPHU DS 980.033 C749r 2011</subfield>
    <subfield code="p">47682-30</subfield>
    <subfield code="r">2020-06-25</subfield>
    <subfield code="t">e.3</subfield>
    <subfield code="w">2020-06-25</subfield>
    <subfield code="y">LBS1</subfield>
    <subfield code="Z">Pr&#xE9;stamo interno</subfield>
  </datafield>
  <datafield tag="952" ind1=" " ind2=" ">
    <subfield code="0">0</subfield>
    <subfield code="1">0</subfield>
    <subfield code="2">ddc</subfield>
    <subfield code="5">6</subfield>
    <subfield code="7">0</subfield>
    <subfield code="8">DS</subfield>
    <subfield code="a">BNPHU</subfield>
    <subfield code="b">BNPHU</subfield>
    <subfield code="c">HD</subfield>
    <subfield code="d">2018-07-19</subfield>
    <subfield code="l">0</subfield>
    <subfield code="o">BNPHU DS 980.033 C749r 2011</subfield>
    <subfield code="p">47682-40</subfield>
    <subfield code="r">2020-06-25</subfield>
    <subfield code="t">e.4</subfield>
    <subfield code="w">2020-06-25</subfield>
    <subfield code="y">LBS1</subfield>
    <subfield code="Z">Pr&#xE9;stamo en sala</subfield>
  </datafield>
  <datafield tag="952" ind1=" " ind2=" ">
    <subfield code="0">0</subfield>
    <subfield code="1">0</subfield>
    <subfield code="2">ddc</subfield>
    <subfield code="5">6</subfield>
    <subfield code="7">0</subfield>
    <subfield code="8">DS</subfield>
    <subfield code="a">BNPHU</subfield>
    <subfield code="b">BNPHU</subfield>
    <subfield code="c">HD</subfield>
    <subfield code="d">2018-07-19</subfield>
    <subfield code="l">0</subfield>
    <subfield code="o">BNPHU DS 980.033 C749r 2011</subfield>
    <subfield code="p">47682-50</subfield>
    <subfield code="r">2020-06-25</subfield>
    <subfield code="t">e.5</subfield>
    <subfield code="w">2020-06-25</subfield>
    <subfield code="y">LBS1</subfield>
    <subfield code="Z">Pr&#xE9;stamo interno</subfield>
  </datafield>
  <datafield tag="952" ind1=" " ind2=" ">
    <subfield code="0">0</subfield>
    <subfield code="1">0</subfield>
    <subfield code="2">ddc</subfield>
    <subfield code="5">1</subfield>
    <subfield code="7">0</subfield>
    <subfield code="8">PD</subfield>
    <subfield code="a">BNPHU</subfield>
    <subfield code="b">BNPHU</subfield>
    <subfield code="c">HD</subfield>
    <subfield code="d">2018-07-19</subfield>
    <subfield code="l">0</subfield>
    <subfield code="o">BNPHU PD 980.033 C749r  2011</subfield>
    <subfield code="p">47682-10</subfield>
    <subfield code="r">2020-06-25</subfield>
    <subfield code="w">2020-06-25</subfield>
    <subfield code="y">LBS1</subfield>
    <subfield code="Z">No se presta</subfield>
  </datafield>
  <datafield tag="952" ind1=" " ind2=" ">
    <subfield code="0">0</subfield>
    <subfield code="1">0</subfield>
    <subfield code="2">ddc</subfield>
    <subfield code="5">1</subfield>
    <subfield code="7">0</subfield>
    <subfield code="8">PD</subfield>
    <subfield code="a">BNPHU</subfield>
    <subfield code="b">BNPHU</subfield>
    <subfield code="c">HD</subfield>
    <subfield code="d">2018-07-19</subfield>
    <subfield code="l">0</subfield>
    <subfield code="o">BNPHU PD 980.033 C749r  2011</subfield>
    <subfield code="p">47682-20</subfield>
    <subfield code="r">2020-06-25</subfield>
    <subfield code="t">e.2</subfield>
    <subfield code="w">2020-06-25</subfield>
    <subfield code="y">LBS1</subfield>
    <subfield code="Z">No se presta</subfield>
  </datafield>
  <datafield tag="999" ind1=" " ind2=" ">
    <subfield code="c">47170</subfield>
    <subfield code="d">47170</subfield>
  </datafield>
</record>
